000 00584nam a2200229Ia 4500
003 OSt
005 20220923225642.0
006 a|||||r|||| 00| 0
007 ta
008 Pun
024 _a273,083
037 _cTextual
040 _aARTS
_cARTS
_bPun
041 _2Pun
_aPun
082 _aO153vN, K6;L8
100 _aਜਸਬੀਰ
245 0 _aਪੰਜਾਬੀ ਸਾਹਿਤ ਦੀ ਭੂਮਿਕਾ
260 _c1978
650 _aਪੰਜਾਬੀ ਸਾਹਿਤ
942 _hO153vN, K6;L8
_cTEXL
_2CC
999 _c379693
_d379693